000 00861nam a2200229Ia 4500
005 20230524135839.0
008 130821s1987 ck gr spa
020 _a9789587971316
040 _aCo-BoUCM
_bspa
_cDavid Moreno
_dDavid Moreno
041 _aspa
100 1 _aUrueta Ayola, Manuel Santiago
_9123630
245 1 0 _aManual de derecho procesal administrativo
_cManuel Santiago Urueta Ayola
260 _aBogotá (Colombia)
_bLegis
_c2021
300 _a631 páginas
504 _aIncluye referencias bibliográficas e índices
650 0 4 _aActos administrativos
_zColombia
_9103013
650 0 4 _aDerecho administrativo
_zColombia
_931733
650 0 4 _aDerecho procesal
_zColombia
_935563
650 0 4 _aProcedimiento administrativo
_xLegislación
_922330
942 _cLIBRO
_a8
_e1
_mUR82m
_2DEWEY
_h342.066
_n0
999 _c322659
_d322659